| 000 | 00538nam a2200205 a 4500 | ||
|---|---|---|---|
| 001 | 13485 | ||
| 003 | CO-ViMGA | ||
| 008 | 141112s2004 ck r 000 u spa d | ||
| 020 | _a0830633928 | ||
| 040 |
_aCO-ViMGA _bspa _cCO-ViMGA |
||
| 082 | 0 | 4 | _a534 W88e |
| 100 | 1 |
_aWood, Rober W. _919652 |
|
| 245 | 1 | 0 | _a49 experimentos sencillos de acustica |
| 260 |
_aSantafé de Bogotá : _bMcgraw - Hill, _c1999 |
||
| 300 | _a83 | ||
| 490 | _aFisica para niños | ||
| 650 | 1 | 4 |
_aFISICA - EXPERIMENTOS _94572 |
| 650 | 1 | 4 | _aSONIDO |
| 942 |
_2ddc _cBK |
||
| 999 |
_c24212 _d24212 |
||